Tính chất cơ học của vật liệu compozit sử dụng prepreg trên cơ sở nhựa phenolic và epoxy gia cường sợi thủy tinh và thủy tinh-aramit /

محفوظ في:
التفاصيل البيبلوغرافية
المؤلف الرئيسي: Nguyễn Huy Tùng.
مؤلفون آخرون: Đặng Hữu Trung., Đoàn Thị Yến Oanh., Trần Vĩnh Diệu.
التنسيق: مقال
اللغة:Vietnamese
الموضوعات:
الوسوم: إضافة وسم
لا توجد وسوم, كن أول من يضع وسما على هذه التسجيلة!
Thư viện lưu trữ: Thư viện Trường Đại học Đà Lạt
LEADER 01018nam a2200313 4500
001 DLU180184448
005 ##20180416
040 # # |a DLU  |b vie 
041 # # |a vie 
044 # # |a vn 
100 # # |a Nguyễn Huy Tùng. 
245 # # |a Tính chất cơ học của vật liệu compozit sử dụng prepreg trên cơ sở nhựa phenolic và epoxy gia cường sợi thủy tinh và thủy tinh-aramit /  |c Nguyễn Huy Tùng, ... [và những người khác]. 
653 # # |a Composite materials 
653 # # |a Epoxy resin 
653 # # |a Phenolic resin 
653 # # |a Prepreg 
700 # # |a Đặng Hữu Trung. 
700 # # |a Đoàn Thị Yến Oanh. 
700 # # |a Trần Vĩnh Diệu. 
773 # # |t Hóa học  |g Số 3, 2015, tr. 379-384 
920 # # |a Phòng Tạp chí -- Trung tâm Thông tin - Thư viện Trường Đại học Đà Lạt 
994 # # |a DLU 
900 # # |a True 
911 # # |a Hoàng Thị Huyền 
925 # # |a G 
926 # # |a A 
927 # # |a BB 
980 # # |a Thư viện Trường Đại học Đà Lạt